Syntactic structures

שמור ב:
מידע ביבליוגרפי
מחבר ראשי: Chomsky, Noam
פורמט: ספר
שפה:Undetermined
יצא לאור: New York Mouton de Gruyter 2002
נושאים:
תגים: הוספת תג
אין תגיות, היה/י הראשונ/ה לתייג את הרשומה!
Thư viện lưu trữ: Trung tâm Học liệu Trường Đại học Cần Thơ
LEADER 00623nam a2200217Ia 4500
001 CTU_117855
008 210402s9999 xx 000 0 und d
082 |a 415 
082 |b C548 
100 |a Chomsky, Noam 
245 0 |a Syntactic structures 
245 0 |c Noam Chomsky; David W. Lightfoot 
260 |a New York 
260 |b Mouton de Gruyter 
260 |c 2002 
526 |a Ngôn ngữ học ứng dụng tiếng Anh 
526 |b SPA611 
650 |a grammar, comparative and general,generative grammar 
650 |x syntax 
904 |i Truc 
980 |a Trung tâm Học liệu Trường Đại học Cần Thơ